000 00699nam a2200289Ia 4500
005 20260324122919.0
008 008 260324s9999 xx 000 0 eng d
020 _a9780203842478
037 _aEBOOK
040 _aCRL
040 _beng
040 _cCRL
041 _2eng
041 _aeng
084 _qCRL
100 _aAndrew Dainty; Martin Loosemore
_91168311
245 0 _aHuman Resource Management in Construction
245 0 _bCritical Perspectives
260 _bTaylor and Francis
260 _c2012
365 _a
365 _b385
856 _uhttp://www.taylorfrancis.com/books/9780203842478
942 _cEBOOK
999 _c1761389
_d1761389